000 00288nam a2200133Ia 4500
100 _aRamalingom/T
942 _cBK
654 _atransducers
245 _aTransducers measurement system
260 _bKhanna
_aDelhi
_c1985
082 _a621.381
_bRAM
300 _a184
546 _aENGLISH
999 _c19528
_d19528